00304nam a2200109Ia 4500008004100000082001500041100001700056245006700073260003800140300000800178650000800186191201s2011 xx 000 0 und d a658.5bKUO aKUMAR, Sunil 0aOrganisational Behaviour: A Research and Theory Based Textbook aN. DelhibGlobal Vision Pubc2011 a274 aBBA